000 00592nam a2200241Ia 4500
003 OSt
005 20221005133129.0
006 a|||||r|||| 00| 0
007 ta
008 221004b |||||||| |||| 00| 0 tam d
024 _a50024
037 _cTextual
040 _aCRL
_cCRL
_btam
041 _2tam
_atam
082 _aO31,3N37x, K9
100 _aRagunathan Usha
_9642106
245 0 _aVimanam oottinen
260 _c1969
300 _a112
_ccm.
650 _aTAMIL FICTION
942 _hO31,3N37x, K9
_cTEXL
_2cc
999 _c1065814
_d1065814